| 000 | 00625nam a2200229 a 4500 | ||
|---|---|---|---|
| 001 | BRL_642 | ||
| 005 | 20190320210831.0 | ||
| 008 | 170913s1949----fr-o######---#000-0#fre-# | ||
| 041 | _afre | ||
| 044 | _afr | ||
| 050 | 4 |
_aND553.G3 _b.E54 1949 |
|
| 100 | 1 |
_aElgar, Frank _924500 |
|
| 245 | 1 | 0 |
_aGauguin _cpar Frank Elgar. |
| 260 |
_aParis _bFernand Hazan _c1949 |
||
| 300 |
_a1 v. (sin paginación) _bil., 20 laminas _c18 cm. |
||
| 440 | 0 |
_aBibliothèque Aldine Des Arts _v7 _924501 |
|
| 500 | _aAu712 | ||
| 600 | 1 | 4 |
_aGauguin, Paul _d1848-1903 _923056 |
| 650 | 1 | 4 |
_aPintores franceses _97726 |
| 902 | _aGRL | ||
| 942 |
_2lcc _cB |
||
| 999 |
_c9454 _d9454 |
||